Province italiane con più patrimoni UNESCO - Statistics

Statistiche generali
  • Questo quiz è stato fatto 46 volte
    45 dall'ultimo reset
  • Il punteggio medio è 20 su 33
Statistiche sulle risposte
N° totale di siti Provincia % Corretto
5 Roma
98%
2 Napoli
95%
4 Torino
93%
2 Venezia
93%
2 Firenze
90%
2 Bologna
85%
2 Bari
83%
4 Verona
80%
2 Catania
73%
2 Trento
73%
3 Brescia
68%
4 Padova
68%
2 Bergamo
65%
2 Salerno
65%
4 Siena
65%
2 Perugia
63%
2 Ravenna
63%
4 Udine
63%
2 Caserta
58%
2 Treviso
55%
2 Mantova
48%
2 Siracusa
45%
2 Foggia
43%
2 Pordenone
43%
4 Varese
43%
2 Pistoia
40%
2 Viterbo
40%
2 Barletta-Andria-Trani
38%
3 Benevento
38%
2 Cuneo
38%
2 Biella
35%
2 Novara
35%
2 Alessandria
30%
Nessun quiz corrispondente trovato
Distribuzione punteggi
Percentuale di utenti per punteggio
Percentile per numero di risposta
I tuoi punteggi nel tempo
Non hai fatto questo quiz dall'ultimo reset